MARC details
| 000 -CABECERA |
| campo de control de longitud fija |
00774nam a2200217 a 4500 |
| 003 - IDENTIFICADOR DEL NÚMERO DE CONTROL |
| campo de control |
MX-MxUPN |
| 005 - FECHA Y HORA DE LA ÚLTIMA TRANSACCIÓN |
| campo de control |
20240808063821.0 |
| 008 - ELEMENTOS DE LONGITUD FIJA--INFORMACIÓN GENERAL |
| campo de control de longitud fija |
991125s1908 mx a r 000 0 spa d |
| 035 ## - NÚMERO DE CONTROL DEL SISTEMA |
| Número de control de sistema |
UPN01000000130 |
| 040 ## - FUENTE DE LA CATALOGACIÓN |
| Centro catalogador/agencia de origen |
MX-MxUPN |
| Lengua de catalogación |
spa |
| Centro/agencia transcriptor |
MX-MxUPN |
| 041 0# - CÓDIGO DE IDIOMA |
| Código de lengua del texto/banda sonora o título independiente |
spa |
| 050 14 - SIGNATURA TOPOGRÁFICA DE LA BIBLIOTECA DEL CONGRESO |
| Número de clasificación |
SB191 M2 |
| Número de documento/Ítem |
H628 |
| 100 1# - ASIENTO PRINCIPAL--NOMBRE PERSONAL |
| Nombre de persona |
Holden, P. G. |
| Forma completa/desarrollada del nombre |
(Perry Greeley), |
| Fechas asociadas al nombre |
1865-1959 |
| 9 (RLIN) |
52906 |
| 245 13 - MENCIÓN DE TÍTULO |
| Título |
El a. b. c. del cultivo del maíz / |
| Mención de responsabilidad, etc. |
por P. G. Holden ; tr. Mayor Porfirio Díaz. |
| 260 ## - PUBLICACIÓN, DISTRIBUCIÓN, ETC. |
| Lugar de publicación, distribución, etc. |
México : |
| Nombre del editor, distribuidor, etc. |
Imprenta y Fototipia de la Secretaría de Fomento, |
| Fecha de publicación, distribución, etc. |
1908. |
| 300 ## - DESCRIPCIÓN FÍSICA |
| Extensión |
243 páginas : |
| Otras características físicas |
ilustraciones |
| 650 #4 - ASIENTO SECUNDARIO DE MATERIA - TERMINO TEMATICO |
| Término de materia o nombre geográfico como elemento de entrada |
Maíz |
| Subdivisión general |
Cultivo |
| 9 (RLIN) |
5208 |
| 700 0# - ASIENTO SECUNDARIO--NOMBRE DE PERSONAL |
| Nombre de persona |
P.B. Molina |
| 9 (RLIN) |
51433 |
| Término indicativo de función/relación |
propietario anterior |
| 710 2# - ASIENTO SECUNDARIO - NOMBRE CORPORATIVO |
| Nombre de entidad corporativa o nombre de jurisdicción como elemento de entrada |
Museo Pedagógico Nacional (México) |
| 9 (RLIN) |
51335 |
| Término indicativo de función/relación |
propietario anterior |
| 942 ## - ELEMENTOS DE PUNTO DE ACCESO ADICIONAL (KOHA) |
| Fuente del sistema de clasificación o colocación |
Library of Congress Classification |
| Tipo de ítem Koha |
Libro |